000 004890000a22001810004500
003 MACL
005 20150930161559.0
008 150930b xxu||||| |||| 00| 0 eng d
040 _aMACL
_cMACL
041 _aEnglish
082 _a900/PAN
100 _aPanagariya, B L
_912970
245 _aPolitical, Socio-Economic and Cultural History of Rajasthan
_bEarliest Times to 1947
260 _bPanchsheel Prakashan
_c1993
350 _a350
650 _aHistory
_912971
942 _cBK
_k900
_2ddc
999 _c4304
_d4304